| 000 | 003460000a22001450004500 | ||
|---|---|---|---|
| 020 | _a84-7222-227-6 | ||
| 041 | 0 | _aSPA | |
| 082 | 0 | 4 | _aG 920 G152d |
| 100 | 1 | _aGaleano, Eduardo (1940-) | |
| 245 | 1 | 0 | _aDías y noches de amor y de guerra / Eduardo Galeano |
| 260 | _aBarcelona, España : Laia | ||
| 300 | _a201 Pag | ||
| 001 | 11260 | ||
| 942 | _cBK | ||
| 999 |
_c40611 _d40611 |
||